La didáctica en cuestión. Investigación y enseñanza

Zapisane w:
Opis bibliograficzny
1. autor: Candau, Vera María (autor)
Format: Książka
Język:hiszpański
Wydane: Madrid, España: Narcea, 1987
Seria:Educación Hoy
Hasła przedmiotowe:
Etykiety: Dodaj etykietę
Nie ma etykietki, Dołącz pierwszą etykiete!

MARC

LEADER 00000nam a2200000 a 4500
001 UCM4304
003 CL-VaPUC
005 20220302151535.0
008 020814e19870000SP |||||||||||||||||spa|d
999 |c 301088  |d 301086 
020 |a  9788427707870 
040 |c Pontificia Universidad Católica de Valparaíso 
082 0 4 |a 370.1 CAN 1987  |2 21 
100 0 |a Candau, Vera María  |e autor  |9 470853 
245 1 3 |a La didáctica en cuestión.  |b Investigación y enseñanza 
260 |a Madrid, España:   |b Narcea,  |c 1987 
300 |a 109 páginas  
490 0 |a Educación Hoy 
583 |a last modification  |c 20120930 10:29:19  |k Rodrigo Vera 
650 0 |a Filosofía de la educación   |9 258384 
650 0 |a Investigación educacional   |9 261192 
650 0 |a Formación profesional de profesores  |9 307493 
852 |a BIBCUR 
942 |c BK  |2 ddc 
945 |d 20020814 00:00:00  |a cmena 
952 |0 0  |1 0  |4 0  |6 370_100000000000000_CAN_1987  |7 0  |8 A  |9 359763  |a BIBMAT  |b BIBMAT  |c E_DIDACT  |d 2019-11-21  |i 3815005  |o 370.1 CAN 1987  |p 3815005  |r 2025-01-07  |w 2019-11-21  |y BK  |k MAT 
952 |0 0  |1 0  |2 ddc  |4 0  |6 370_100000000000000_CAN_1987  |7 0  |8 A  |9 577366  |a BIBTEO  |b BIBTEO  |d 2020-12-30  |e 3  |g 17484.00  |i 5581230  |o 370.1 CAN 1987  |p 5581230  |r 2025-01-17  |t 2  |v 17484.00  |w 2020-12-30  |y BK  |k ICR